Statistics for "Helicopter" in 15 languages

Click here to take the quiz!

General Stats

  • This quiz has been taken 65 times
  • The average score is 8 of 15

Answer Stats

answer% Correct
hubschrauberGerman
94%
elicotteroItalian
83%
hélicoptèreFrench
81%
máy bay trực thăngVietnamese
77%
helikopterDutch, Indonesian,
Danish, Swedish
74%
śmigłowiecPolish
74%
helicópteroSpanish
70%
elikópteroGreek
53%
hofrennyddWelsh
45%
vrtulníkCzech
36%
herikoputaJapanese
36%
helikopteriFinnish
30%
héileacaptarIrish
26%
thyrlaIcelandic
19%
hellikobteoKorean
13%

Score Distribution

Percentile by Number Answered

Percent of People with Each Score

Your Score History

You have not taken this quiz